El desafío del agua : defensa colectiva contra la ofensiva capitalista /

Uloženo v:
Podrobná bibliografie
Hlavní autor: Lizcano Barrio, Marta (autor)
Médium: Kniha
Jazyk:španělština
Vydáno: Barcelona, España : Descontrol, 2024, c2024
Edice:(Barricada Present)
Témata:
Tagy: Přidat tag
Žádné tagy, Buďte první, kdo vytvoří štítek k tomuto záznamu!

MARC

LEADER 00000nam^a2200000^a^4500
001 000628388
005 20260220000000.0
009 20260526154523.158
020 |a 9788418283765 
037 |a Acervo ITESO - Biblioteca 
041 |a ESP 
082 |a 333. 91  |b LIZ 
100 |a Lizcano Barrio, Marta  |e (autor) 
245 1 3 |a El desafío del agua :  |b defensa colectiva contra la ofensiva capitalista /  |c M. Lizcano Barrio. 
264 4 |a Barcelona, España :  |b Descontrol,  |c 2024, c2024 
300 |a 211 p. 
336 |a texto  |b txt  |2 rdacontenido 
337 |a sin mediación  |b n  |2 rdamedio 
338 |a volumen  |b nc  |2 rdasoporte 
440 1 |a (Barricada Present) 
521 |a FIL 2025 DIA 
649 |a XX 
650 |a Agua -  |x Abastecimiento 
650 |a Agua -  |x Consumo 
650 |a Agua -  |x Tema Principal 
650 |a Desarrollo Sustentable -  |x Tema Principal 
650 |a Impacto Ambiental 
650 |a Contaminación Ambiental 
650 |a Recursos Naturales -  |x Tema Principal 
650 |a Medio Ambiente 
650 |a Desarrollo Económico-Social 
650 |a Economía de la Tierra 
650 |a Economía 
910 |a Fondo General 
920 |a Impresos - Libros 
930 |a Colección General 
905 |a 101 
901 |a 628668-10  |b IT1  |c ACC  |d EN  |i C193055  |u 20260220 
902 |a https://opac.biblio.iteso.mx/vufind/Record/000628388